Lobbying and the responsible firm (Record no. 5146)

MARC details
000 -CABECERA
campo de control de longitud fija 01867nam a22002777a 4500
003 - IDENTIFICADOR DEL NÚMERO DE CONTROL
campo de control OSt
005 - FECHA Y HORA DE LA ÚLTIMA TRANSACCIÓN
campo de control 20260512153801.0
008 - DATOS DE LONGITUD FIJA--INFORMACIÓN GENERAL
campo de control de longitud fija 251023b |||||||| |||| 00| 0 eng d
022 ## - NÚMERO INTERNACIONAL NORMALIZADO PARA PUBLICACIONES SERIADAS
Número Internacional Normalizado para Publicaciones Seriadas 0962-8770
040 ## - FUENTE DE LA CATALOGACIÓN
Centro catalogador/agencia de origen English
Centro/agencia transcriptor tbs
041 ## - CÓDIGO DE LENGUA
Código de lengua del texto/banda sonora o título independiente English
100 ## - ENTRADA PRINCIPAL--NOMBRE DE PERSONA
Nombre de persona Anastasiadis, Stephanos
9 (RLIN) 26428
245 ## - MENCIÓN DE TÍTULO
Título Lobbying and the responsible firm
Resto del título : Agenda‐setting for a freshly conceptualized field
Mención de responsabilidad, etc. / Stephanos Anastasiadis, Jeremy Moon, Michael Humphreys
260 ## - PUBLICACIÓN, DISTRIBUCIÓN, ETC.
Nombre del editor, distribuidor, etc. Business Ethics: A Eur Rev
Fecha de publicación, distribución, etc. 2018
362 ## - FECHAS DE PUBLICACIÓN Y/O DESIGNACIÓN SECUENCIAL
Fecha de publicación y/o designación secuencial Business Ethics: A Eur Rev. 2018;27:207–221
520 ## - SUMARIO, ETC.
Sumario, etc. “Responsible lobbying” is an increasingly salient topic within business and management. We make a contribution to the literature on “responsible lobbying” in three ways. First, we provide novel definitions and, thereby, make a clear distinction between lobbying and corporate political activity. We then define responsible lobbying with respect to its content, process, organization, and environment, resulting in a typology of responsible lobbying, a conceptual model that informs the rest of the paper. Second, the paper provides a thematic overview of the current literature underpinning lobbying and the responsible firm, and the underlying paradigms informing this literature. Third, the paper makes specific suggestions for a future research agenda, ending with a consideration of methodological implications of such research.
653 ## - TÉRMINO DE INDIZACIÓN--NO CONTROLADO
Término no controlado Corporate political activity
653 ## - TÉRMINO DE INDIZACIÓN--NO CONTROLADO
Término no controlado Lobbying
653 ## - TÉRMINO DE INDIZACIÓN--NO CONTROLADO
Término no controlado Lobbying & ethics
653 ## - TÉRMINO DE INDIZACIÓN--NO CONTROLADO
Término no controlado Persuasion (Psychology)
653 ## - TÉRMINO DE INDIZACIÓN--NO CONTROLADO
Término no controlado Agenda setting theory (Communication)
700 ## - ENTRADA AGREGADA--NOMBRE PERSONAL
Nombre de persona Moon, Jeremy
9 (RLIN) 6662
700 ## - ENTRADA AGREGADA--NOMBRE PERSONAL
Nombre de persona Humphreys, Michael
9 (RLIN) 26429
856 ## - LOCALIZACIÓN Y ACCESO ELECTRÓNICOS
Identificador Uniforme del Recurso <a href="https://bibliotheque.tbs-education.fr/Default/doc/bth/129932752/lobbying-and-the-responsible-firm-agenda-setting-for-a-freshly-conceptualized-field">https://bibliotheque.tbs-education.fr/Default/doc/bth/129932752/lobbying-and-the-responsible-firm-agenda-setting-for-a-freshly-conceptualized-field</a>
942 ## - ELEMENTOS DE ENTRADA AGREGADA (KOHA)
Fuente del sistema de clasificación o colocación Clasificación de Library of Congress
Holdings
Estado de retiro Estado de pérdida Fuente del sistema de clasificación o colocación Estado dañado No para préstamo Biblioteca de origen Biblioteca actual Fecha de adquisición Total de préstamos Fecha visto por última vez Identificador Uniforme del Recurso Precio válido a partir de Tipo de ítem Koha
    Clasificación de Library of Congress     TBS Barcelona TBS Barcelona 05/11/2025   05/11/2025 https://bibliotheque.tbs-education.fr/Default/doc/bth/129932752/lobbying-and-the-responsible-firm-agenda-setting-for-a-freshly-conceptualized-field 05/11/2025 Academic Article

Powered by Koha